<?xml version="1.0" encoding="UTF-8"?>
<record
    xmlns:xsi="http://www.w3.org/2001/XMLSchema-instance"
    xsi:schemaLocation="http://www.loc.gov/MARC21/slim http://www.loc.gov/standards/marcxml/schema/MARC21slim.xsd"
    xmlns="http://www.loc.gov/MARC21/slim">

  <leader>02410    a2200241   4500</leader>
  <controlfield tag="001">41877</controlfield>
  <controlfield tag="005">20260407155709.0</controlfield>
  <controlfield tag="008">260407a1979    arg                 spa d</controlfield>
  <controlfield tag="003">AR-UNSa-BCEJYS</controlfield>
  <datafield tag="040" ind1=" " ind2=" ">
    <subfield code="a">AR-UNSa-BCEJYS</subfield>
    <subfield code="b">spa</subfield>
    <subfield code="c">AR-UNSa-BCEJYS</subfield>
  </datafield>
  <datafield tag="080" ind1=" " ind2=" ">
    <subfield code="a">339.9</subfield>
    <subfield code="x">Econom&#xED;a internacional en general. Relaciones econ&#xF3;micas internacionales. Econom&#xED;a mundial </subfield>
  </datafield>
  <datafield tag="245" ind1="1" ind2="0">
    <subfield code="a">Econom&#xED;a Internacional</subfield>
  </datafield>
  <datafield tag="020" ind1=" " ind2=" ">
    <subfield code="a">84-03-18060-8</subfield>
  </datafield>
  <datafield tag="250" ind1=" " ind2=" ">
    <subfield code="a">7a. ed.</subfield>
  </datafield>
  <datafield tag="264" ind1=" " ind2="1">
    <subfield code="a">Madrid :</subfield>
    <subfield code="b">Aguilar</subfield>
    <subfield code="c">1979</subfield>
  </datafield>
  <datafield tag="300" ind1=" " ind2=" ">
    <subfield code="a">xix, 608 p.</subfield>
    <subfield code="c">24 cm.</subfield>
  </datafield>
  <datafield tag="505" ind1=" " ind2=" ">
    <subfield code="a">Introducci&#xF3;n: 1. El estudio de la econom&#xED;a internacional - Parte I: La teor&#xED;a del comercio internacional : 2. Teor&#xED;a pura del comercio internacional: La oferta -  3. Teor&#xED;a pura del comercio internacional: La demanda - 4. Est&#xE1;tica comparativa del comercio: Variaciones en los gustos, en la dotaci&#xF3;n de factores y en la tecnolog&#xED;a - 5. Comercio y crecimiento en las econom&#xED;as en desarrollo - 6. Los costes de transporte y la teor&#xED;a de la localizaci&#xF3;n - Parte II: Pol&#xED;tica Comercial. Tarifas aduanera - 8. Contingentes, control de cambios, comercio de estado, guerra econ&#xF3;mica y comercio este- oeste - 9. La discriminaci&#xF3;n de precios y los carteles - 10. Pol&#xED;tica comercial para los pa&#xED;ses en desarrollo - 11. Ontegraci&#xF3;n econ&#xF3;mica - 12. Defensa del comercio multilateral libre - Parte III: Distribuci&#xF3;n Internacional de los recursos: Imposici&#xF3;n y migraci&#xF3;n: 13. Imposici&#xF3;n internacional - 14. El movimiento internacional del trabajo - Parte IV: El proceso de ajuste: 15. El ajuste a trav&#xE9;s del mecanismo de los precios - 16. Las variaciones de renta y el comercio internacional - 17. Interacciones de la renta y los precios - 18. El proceso de transferencia - Parte V: Movimiento de capital : 19. Movimientos de capital a corto plazo - 20. Capital mobiliario a largo plazo - 21. La inversi&#xF3;n directa - 22. Ayuda econ&#xF3;mica intergubernamental - Parte VI: Equilibrio de la balanza de pagos y acuerdos monetarios internacionales : 23. El mercado de divisas - 24. La balanza de pagos - 25. Perturbaciones del equilibrio - 26. Medidas nacionales e internacionales para corregir el desequilibrio - 27. Propuestas monetarias internacionales - 28. El sistema econ&#xF3;mico internacional</subfield>
  </datafield>
  <datafield tag="041" ind1=" " ind2=" ">
    <subfield code="a">spa</subfield>
  </datafield>
  <datafield tag="942" ind1=" " ind2=" ">
    <subfield code="c">BK</subfield>
  </datafield>
  <datafield tag="590" ind1=" " ind2=" ">
    <subfield code="a">niveau_biblio:m niveau_hierar:0</subfield>
  </datafield>
  <datafield tag="100" ind1="1" ind2=" ">
    <subfield code="a">Ruiz de Cenzano y Losa, Jes&#xFA;s</subfield>
  </datafield>
  <datafield tag="700" ind1="1" ind2=" ">
    <subfield code="a">Kindleberger, Charles P.</subfield>
  </datafield>
  <datafield tag="999" ind1=" " ind2=" ">
    <subfield code="c">3540</subfield>
    <subfield code="d">3540</subfield>
  </datafield>
  <datafield tag="952" ind1=" " ind2=" ">
    <subfield code="0">0</subfield>
    <subfield code="1">0</subfield>
    <subfield code="4">0</subfield>
    <subfield code="7">0</subfield>
    <subfield code="a">BCEJYS</subfield>
    <subfield code="b">BCEJYS</subfield>
    <subfield code="c">16</subfield>
    <subfield code="d">2026-04-07</subfield>
    <subfield code="l">0</subfield>
    <subfield code="o">339.9 K51 7ed.</subfield>
    <subfield code="p">L53247</subfield>
    <subfield code="r">2026-04-07 15:57:09</subfield>
    <subfield code="w">2026-04-07</subfield>
    <subfield code="y">L</subfield>
  </datafield>
</record>
